Private churches and public money : church-government fiscal relations /

Bibliographic Details
Main Author: Weber, Paul J., 1937-
Other Authors: Gilbert, Dennis A.
Format: Book
Language:English
Published: Westport, Conn. : Greenwood Press, 1981.
Series:Contributions to the study of religion ; no. 1.
Subjects:

MARC

Tag First Indicator Second Indicator Subfields
LEADER 00000pam a2200000 a 4500
001 in00000077894
005 20151008055048.0
008 800728s1981 ctu b 00110 engm
010 |a  80001793  
020 |a 0313224846 (lib. bdg.) 
035 |a (OCoLC)06625609 
035 |9 AAJ2444AM 
040 |a DLC  |c DLC  |d m.c.  |d TXA  |d UtOrBLW 
043 |a n-us--- 
049 |a TXAM  |c [1361607] 
050 0 0 |a KF4865  |b .W4 
082 0 |a 342.73/087  |2 19 
100 1 |a Weber, Paul J.,  |d 1937- 
245 1 0 |a Private churches and public money :  |b church-government fiscal relations /  |c Paul J. Weber and Dennis A. Gilbert. 
264 1 |a Westport, Conn. :  |b Greenwood Press,  |c 1981. 
300 |a xx, 260 pages ;  |c 23 cm. 
336 |a text  |b txt  |2 rdacontent 
337 |a unmediated  |b n  |2 rdamedia 
338 |a volume  |b nc  |2 rdacarrier 
490 1 |a Contributions to the study of religion,  |x 0196-7053 ;  |v no. 1 
500 |a Includes index. 
504 |a Bibliography: pages [239]-253. 
650 0 |a Freedom of religion  |z United States. 
650 0 |a Church finance  |z United States. 
650 0 |a Church and state  |z United States. 
700 1 |a Gilbert, Dennis A. 
830 0 |a Contributions to the study of religion ;  |v no. 1. 
999 |a MARS 
999 f f |s 77dbc84f-c12a-3198-849e-3f21959e3f3e  |i cae76e73-98c1-3f62-b2fd-0c0d88343ed1  |t 0 
952 f f |p ric  |a Texas A&M University  |b Rellis Campus  |c Joint Library Facility  |d Remote Storage  |t 0  |e KF4865 .W4  |h Library of Congress classification  |i unmediated -- volume  |m A14806156466 
998 f f |a KF4865 .W4  |t 0  |l Remote Storage